000 02147cam a22004694i 4500
003 PE-LiUPU
005 20250731172940.0
008 150623s r 000 0 d
020 _a0385005695
035 _a(Sirsi) i9780385005692
040 _aPE-LiUPU
_bspa
_cPE-LiUPU
_erda
049 _aPRUA
082 0 4 _a220.7
_bAB1977
_221
100 1 _aPope, Marvin H.,
_eautor.
245 1 0 _aSong of songs.
_n7C /
_cMarvin H. Pope.
264 1 _aNew York :
_bDoubleday,
_c1977.
300 _a743 páginas ;
_c24 centímetros
336 _atext
_2rdacontent
337 _aunmediated
_2rdamedia
338 _avolume
_2rdacarrier
490 0 _aThe Anchor Bible ;
_v7C
504 _aIncluye bibliografía.
505 0 _aProem. - The position. - of the song of songs of in the scripture. - The septuagiant. - The The targum. - Literary clasification- drama, idyl, cantata, anthology. - The targum and subsequent Jewish interpretations. - Dream theories melodrama. - Cultic interpretation. - Mariology and the canticle. - Humanizing the sublime song. - Catholic views of canticles as songs of human love. - A french protestant view: sacret and sexual. - The song of songsand women's liberation. - Love and death. - The shekinah. - Form criticism and canticles, praise of pulchritude and parallel love poetry. - The first chapter. -The second chapter. - The third chapter. - The fourth chapter. - The sixth chapter. - The seventh chapter.
526 _aSEG42
526 _aSEG41
526 _aSEG40
526 _aSEG39
526 _aP94
526 _aP87
526 _aP86
526 _aP85
526 _aP77
526 _aP76
526 _aP35
630 _aBiblia.
_pA.T.
_pCantares
_xComentarios.
942 _2ddc
_cBOOK
949 _a220.7 AB 7C 1977
_wDEWEY
_c1
_i44545
_lCCODEBUL1
_mBUL
_r0
_sY
_tBOOK
_u2015-6-24
_xTEOLOGIA
_PP35
_0COMPRA
_o.STAFF. Colección General
994 _aC0
_bPEPRU
596 _a1
999 _a220.7 AB 7C 1977
_wDEWEY
_c21429
_i44545
_f2021-11-9
_g5
_lCCODEBUL1
_mBUL
_r0
_sY
_tBOOK
_u2015-6-24
_xTEOLOGIA
_PP35
_0COMPRA
_o.STAFF. Colección General
_d21429
980 _81
_gALBERTO SANCHEZ Responsable de Automatización